| 000 | 00605nam a2200193Ia 4500 | ||
|---|---|---|---|
| 001 | 3873 | ||
| 003 | OSt | ||
| 005 | 20250304140731.0 | ||
| 008 | 241024s9999 xx 000 0 und d | ||
| 020 | _a978-9945-8859-4-1 | ||
| 040 |
_aCGIP0036 _bspa _cCGIP0036 _erda |
||
| 082 | _aRD/370.97293/ID19e/2014 | ||
| 100 | _aRepública Dominicana. IDEICE | ||
| 245 | 0 | _aEstudio de prevalencia topología y causa de la violencia en los centros educativos de básica y media de la Repúblida Dominicana | |
| 260 |
_bSanto Dominga _c2014 |
||
| 901 | _a12/12/2014 3:18:43 p.m. | ||
| 942 |
_2ddc _cLIB _n0 |
||
| 999 |
_c9149 _d9149 |
||